<?xml version="1.0" encoding="UTF-8"?><?xml-stylesheet type="text/xsl" href="static/style.xsl"?><OAI-PMH xmlns="http://www.openarchives.org/OAI/2.0/" xmlns:xsi="http://www.w3.org/2001/XMLSchema-instance" xsi:schemaLocation="http://www.openarchives.org/OAI/2.0/ http://www.openarchives.org/OAI/2.0/OAI-PMH.xsd"><responseDate>2026-04-17T07:33:01Z</responseDate><request verb="GetRecord" identifier="oai:www.recercat.cat:20.500.12328/903" metadataPrefix="marc">https://recercat.cat/oai/request</request><GetRecord><record><header><identifier>oai:recercat.cat:20.500.12328/903</identifier><datestamp>2025-05-19T19:01:09Z</datestamp><setSpec>com_2072_67741</setSpec><setSpec>col_2072_484355</setSpec></header><metadata><record xmlns="http://www.loc.gov/MARC21/slim" xmlns:dcterms="http://purl.org/dc/terms/" xmlns:xsi="http://www.w3.org/2001/XMLSchema-instance" xmlns:doc="http://www.lyncode.com/xoai" xsi:schemaLocation="http://www.loc.gov/MARC21/slim http://www.loc.gov/standards/marcxml/schema/MARC21slim.xsd">
   <leader>00925njm 22002777a 4500</leader>
   <datafield ind2=" " ind1=" " tag="042">
      <subfield code="a">dc</subfield>
   </datafield>
   <datafield ind2=" " ind1=" " tag="260">
      <subfield code="c">2016-07-05</subfield>
   </datafield>
   <datafield ind2=" " ind1=" " tag="520">
      <subfield code="a">El dolor que produce una pérdida perinatal en los padres se define como devastador y las intervenciones para paliarlo y empatizar con la familia pueden diferir dependiendo de su cultura y sus creencias. El cuidado de excelencia tiene como objetivo cubrir todas las necesidades de los pacientes, no obstante los profesionales tienen dificultades para establecer una buena relación terapéutica ante padres afligidos y más cuando son de una cultura distinta. Objetivo: Conocer las costumbres y los rituales de la cultura musulmana ante la muerte perinatal y las intervenciones que se suelen llevar a cabo en nuestro contexto cultural. Otro objetivo es identificar qué intervenciones deberían ser adaptadas a la cultura musulmana de acuerdo a sus necesidades. Metodología: Revisión de la literatura científica a través de la consulta de diferentes bases de datos y otros recursos. Resultados: Existen diferencias importantes respecto a las prácticas habituales que se realizan en los centros sanitarios y las necesidades de los musulmanes, debido a sus creencias respecto a la muerte, por ejemplo, los padres musulmanes no aceptaran que se tomen fotos o huellas plantares de su hijo fallecido, ni van a consentir que se practique una autopsia. No obstante, cada individuo es distinto y no una lista de condiciones y leyes que deben ser observadas des de un solo punto de vista. Conclusiones: Los profesionales de la salud deben tener conocimientos generales de las principales culturas para poder responder mejor a las necesidades espirituales de sus pacientes y aunque se conozcan las peculiaridades de una cultura siempre se deben preguntar las preferencias.</subfield>
   </datafield>
   <datafield ind2=" " ind1=" " tag="520">
      <subfield code="a">The pain of perinatal loss is devastating and interventions to alleviate it and empathize with the family may differ depending on their culture and beliefs. Care excellence aims to cover all the needs of patients, however professionals have difficulties in establishing a good therapeutic relationship to bereaved parents and more when they are of a different culture. Objectives: Know the customs and rituals of Muslim culture about perinatal death and interventions that are often carried out in our cultural context. Another objective is to identify which interventions should be adapted to Muslim culture according to their needs. Methods: Revision of the scientific literature through the consultation of different databases and other resources. Results: There are important differences from the usual practices carried out in health centers and the needs of the Muslims, because of their beliefs about death, for example, Muslim parents did not accept that photos or Plantar traces of your child take dead nor will consent to an autopsy is performed. However, each individual is different and not a list of conditions and laws that must be observed des single point of view. Conclusions: Health professionals should have general knowledge of the main cultures to better respond to the spiritual needs of their patients and although the peculiarities of a culture are known always should ask preferences.</subfield>
   </datafield>
   <datafield ind1="8" ind2=" " tag="024">
      <subfield code="a">http://hdl.handle.net/20.500.12328/903</subfield>
   </datafield>
   <datafield tag="653" ind2=" " ind1=" ">
      <subfield code="a">Mort perinatal</subfield>
   </datafield>
   <datafield tag="653" ind2=" " ind1=" ">
      <subfield code="a">Pèrdua perinatal</subfield>
   </datafield>
   <datafield tag="653" ind2=" " ind1=" ">
      <subfield code="a">Naixement d'un nen mort</subfield>
   </datafield>
   <datafield tag="653" ind2=" " ind1=" ">
      <subfield code="a">Dol</subfield>
   </datafield>
   <datafield tag="653" ind2=" " ind1=" ">
      <subfield code="a">Ritus funeraris</subfield>
   </datafield>
   <datafield tag="653" ind2=" " ind1=" ">
      <subfield code="a">Cura infermera</subfield>
   </datafield>
   <datafield tag="653" ind2=" " ind1=" ">
      <subfield code="a">Cura de la salut</subfield>
   </datafield>
   <datafield tag="653" ind2=" " ind1=" ">
      <subfield code="a">Comportaments culturals</subfield>
   </datafield>
   <datafield tag="653" ind2=" " ind1=" ">
      <subfield code="a">Musulmà i islam</subfield>
   </datafield>
   <datafield tag="653" ind2=" " ind1=" ">
      <subfield code="a">Muerte perinatal</subfield>
   </datafield>
   <datafield tag="653" ind2=" " ind1=" ">
      <subfield code="a">Pérdida perinatal</subfield>
   </datafield>
   <datafield tag="653" ind2=" " ind1=" ">
      <subfield code="a">Nacimiento de un niño muerto</subfield>
   </datafield>
   <datafield tag="653" ind2=" " ind1=" ">
      <subfield code="a">Duelo</subfield>
   </datafield>
   <datafield tag="653" ind2=" " ind1=" ">
      <subfield code="a">Ritos funerarios</subfield>
   </datafield>
   <datafield tag="653" ind2=" " ind1=" ">
      <subfield code="a">Cuidado enfermero</subfield>
   </datafield>
   <datafield tag="653" ind2=" " ind1=" ">
      <subfield code="a">Cuidado de la salud</subfield>
   </datafield>
   <datafield tag="653" ind2=" " ind1=" ">
      <subfield code="a">Comportamientos culturales</subfield>
   </datafield>
   <datafield tag="653" ind2=" " ind1=" ">
      <subfield code="a">Musulmán e islam</subfield>
   </datafield>
   <datafield tag="653" ind2=" " ind1=" ">
      <subfield code="a">Perinatal death</subfield>
   </datafield>
   <datafield tag="653" ind2=" " ind1=" ">
      <subfield code="a">Perinatal loss</subfield>
   </datafield>
   <datafield tag="653" ind2=" " ind1=" ">
      <subfield code="a">Stillbirth</subfield>
   </datafield>
   <datafield tag="653" ind2=" " ind1=" ">
      <subfield code="a">Bereavement</subfield>
   </datafield>
   <datafield tag="653" ind2=" " ind1=" ">
      <subfield code="a">Funeral rites</subfield>
   </datafield>
   <datafield tag="653" ind2=" " ind1=" ">
      <subfield code="a">Nursing care</subfield>
   </datafield>
   <datafield tag="653" ind2=" " ind1=" ">
      <subfield code="a">Health care</subfield>
   </datafield>
   <datafield tag="653" ind2=" " ind1=" ">
      <subfield code="a">Cultural behaviors</subfield>
   </datafield>
   <datafield tag="653" ind2=" " ind1=" ">
      <subfield code="a">Muslim y islam</subfield>
   </datafield>
   <datafield ind2="0" ind1="0" tag="245">
      <subfield code="a">Muerte perinatal en la cultura musulmana</subfield>
   </datafield>
</record></metadata></record></GetRecord></OAI-PMH>